Click the Countries on a World Map - Statistics

General Stats
  • This quiz has been taken 49,126 times
  • The average score is 111 of 196
Answers on the Map
Answers color-coded by a green-red scale on the quiz's map according to % correct below.
 
Answer Stats
Answer % Correct
China
72%
Russia
72%
Australia
71%
Brazil
71%
Mexico
71%
United States
71%
Canada
70%
France
70%
India
70%
Italy
70%
Japan
70%
South Africa
70%
Spain
70%
United Kingdom
70%
Chile
69%
Egypt
69%
Germany
69%
Iceland
69%
Madagascar
69%
New Zealand
69%
North Korea
69%
Portugal
69%
South Korea
69%
Argentina
68%
Greece
68%
Ireland
68%
Mongolia
68%
Saudi Arabia
68%
Sweden
68%
Turkey
68%
Ukraine
68%
Finland
67%
Indonesia
67%
Norway
67%
Poland
67%
Denmark
66%
Morocco
66%
Netherlands
66%
Belgium
65%
Colombia
65%
Israel
65%
Kazakhstan
65%
Pakistan
65%
Philippines
65%
Taiwan
65%
Vatican City
65%
Algeria
64%
Cuba
64%
Iran
64%
Nepal
64%
Peru
64%
Sri Lanka
64%
Sudan
64%
Switzerland
64%
Venezuela
64%
Cyprus
63%
Panama
63%
Romania
63%
Vietnam
63%
Belarus
62%
Croatia
62%
Democratic Republic of the Congo
62%
Iraq
62%
Libya
62%
Luxembourg
62%
South Sudan
62%
Afghanistan
61%
Ethiopia
61%
Somalia
61%
Thailand
61%
Yemen
61%
Andorra
60%
Austria
60%
Bahamas
60%
Bolivia
60%
Central African Republic
60%
Ecuador
60%
Estonia
60%
Malta
60%
Monaco
60%
Papua New Guinea
60%
Tunisia
60%
Uruguay
60%
Bangladesh
59%
Chad
59%
Czech Republic
59%
Liechtenstein
59%
Myanmar
59%
Niger
59%
Oman
59%
Paraguay
59%
San Marino
59%
Laos
58%
Latvia
58%
Lithuania
58%
Nigeria
58%
Singapore
58%
Syria
58%
United Arab Emirates
58%
Bulgaria
57%
Cambodia
57%
Hungary
57%
Jordan
57%
Malaysia
57%
Maldives
57%
Slovakia
57%
Bhutan
56%
Lebanon
56%
Lesotho
56%
Albania
55%
Bosnia and Herzegovina
55%
Dominican Republic
55%
Eritrea
55%
Georgia
55%
Haiti
55%
Kenya
55%
Moldova
55%
North Macedonia
55%
Qatar
55%
Uzbekistan
55%
Azerbaijan
54%
Cape Verde
54%
Jamaica
54%
Kosovo
54%
Kuwait
54%
Mali
54%
Mozambique
54%
Serbia
54%
Armenia
53%
Kyrgyzstan
53%
Namibia
53%
Turkmenistan
53%
Angola
52%
Belize
52%
Djibouti
52%
El Salvador
52%
Guatemala
52%
Honduras
52%
Mauritania
52%
Montenegro
52%
Tanzania
52%
Benin
51%
Botswana
51%
Costa Rica
51%
East Timor
51%
Eswatini
51%
Zimbabwe
51%
Bahrain
50%
Cameroon
50%
Guyana
50%
Ivory Coast
50%
Nicaragua
50%
Rwanda
50%
Senegal
50%
Slovenia
50%
Suriname
50%
Brunei
49%
Federated States of Micronesia
49%
Seychelles
49%
Tajikistan
49%
Togo
49%
Burkina Faso
48%
Ghana
48%
São Tomé and Príncipe
48%
Equatorial Guinea
47%
Republic of the Congo
47%
Uganda
47%
Zambia
47%
Burundi
45%
Comoros
45%
Gabon
45%
Malawi
45%
Mauritius
45%
Gambia
44%
Guinea
44%
Sierra Leone
44%
Liberia
43%
Fiji
42%
Solomon Islands
42%
Kiribati
41%
Guinea-Bissau
40%
Antigua and Barbuda
39%
Trinidad and Tobago
39%
Saint Lucia
38%
Nauru
37%
Saint Vincent and the Grenadines
37%
Samoa
36%
Barbados
34%
Vanuatu
34%
Dominica
33%
Palau
33%
Grenada
32%
Marshall Islands
32%
Tuvalu
32%
Tonga
31%
Saint Kitts and Nevis
30%
No matching quizzes found
Score Distribution
Percent of People with Each Score
Percentile by Number Answered
Your Score History
You have not taken this quiz